Heating and ventilating for architects and builders, (Record no. 549087)
[ view plain ]
| 000 -LEADER | |
|---|---|
| fixed length control field | 00501cam a22001571 4500 |
| 082 ## - DEWEY DECIMAL CLASSIFICATION NUMBER | |
| Classification number | 697 |
| Author Mark | COR |
| -- | L-8,P-10 |
| 100 1# - MAIN ENTRY--PERSONAL NAME | |
| Personal name | Cornell, R. K. |
| 9 (RLIN) | 45606 |
| 245 00 - TITLE STATEMENT | |
| Title | Heating and ventilating for architects and builders, |
| Statement of responsibility, etc. | by R. K. Cornell, A. M. I. H. V. Z. |
| 260 ## - PUBLICATION, DISTRIBUTION, ETC. | |
| Place of publication, distribution, etc. | London, |
| Name of publisher, distributor, etc. | P. Elek ltd. |
| Date of publication, distribution, etc. | [c1946] |
| 300 ## - PHYSICAL DESCRIPTION | |
| Extent | 56 p. |
| Other physical details | illus., diagrs. |
| Dimensions | 25 x 19 cm. |
| 526 ## - STUDY PROGRAM INFORMATION NOTE | |
| Program name | 0 |
| Interest level | 0 |
| Reading level | 0 |
| Title point value | 697_000000000000000_COR |
| 650 #0 - SUBJECT ADDED ENTRY--TOPICAL TERM | |
| Topical term or geographic name entry element | Heating. |
| 9 (RLIN) | 32526 |
| 650 #0 - SUBJECT ADDED ENTRY--TOPICAL TERM | |
| Topical term or geographic name entry element | MCE |
| 9 (RLIN) | 379 |
| 650 #0 - SUBJECT ADDED ENTRY--TOPICAL TERM | |
| Topical term or geographic name entry element | Ventilation. |
| 9 (RLIN) | 32527 |
| 942 ## - ADDED ENTRY ELEMENTS (KOHA) | |
| Source of classification or shelving scheme | |
| Koha item type | Book |
| Withdrawn status | Lost status | Source of classification or shelving scheme | Damaged status | Not for loan | Permanent Location | Current Location | Date acquired | Total Checkouts | Full call number | Barcode | Date last seen | Price effective from | Koha item type |
|---|---|---|---|---|---|---|---|---|---|---|---|---|---|
| Military College of Engineering (MCE) | Military College of Engineering (MCE) | 09/16/2014 | 697 COR | MCE-41005 | 09/16/2014 | 09/16/2014 | Book |
